Ε.Π.Ο.Μ. Α.Β.Ε.Ε. [εργασία]

Αποθηκεύτηκε σε:
Λεπτομέρειες βιβλιογραφικής εγγραφής
Κύριος συγγραφέας: Μαϊστρέλλη, Ελπίδα
Συγγραφή απο Οργανισμό/Αρχή: Πανεπιστήμιο Αιγαίου. Σχολή Επιστημών της Διοίκησης. Τμήμα Διοίκησης Επιχειρήσεων
Άλλοι συγγραφείς: Καλαντζή, Παρασκευή, Τριάντου, Αναστασία
Μορφή: Thesis Βιβλίο
Γλώσσα:Greek
Δημοσίευση: 2002.
Θέματα:
Ετικέτες: Προσθήκη ετικέτας
Δεν υπάρχουν, Καταχωρήστε ετικέτα πρώτοι!

MARC

LEADER 00000cam a2200000 i 4500
001 1/27364
008 020912s2002 gre d
035 |l 10068422 
040 |a GR-MY-UA  |b gre  |e aacr 
041 0 |a gre 
082 7 |a 658.4012   |2 (22)  
100 1 |a Μαϊστρέλλη, Ελπίδα. 
245 1 0 |a Ε.Π.Ο.Μ. Α.Β.Ε.Ε.   |b [εργασία] /   |c Μαιστρέλλη Ελπίδα, Καλαντζή Παρασκευή, Τριάντου Αναστασία ; διδάσκοντες: Γ. Δούνιας, Ν. Λίτινας.  
260 |c 2002. 
300 |a 2τ. ;  |c 30 εκ. 
502 |a Εργασία στο μάθημα επιχειρησιακή στρατηγική & πολιτική. 
504 |a Περιλαμβάνει βιβλιογραφία. 
610 2 0 |a Πανεπιστήμιο Αιγαίου. 
650 0 0 |a Wine industry  |z Greece  |z Lesbos (Municipality) 
650 0 0 |a Strategic planning  |v Case studies. 
650 0 0 |a Business planning  |x Case studies. 
700 1 |a Καλαντζή, Παρασκευή. 
700 1 |a Τριάντου, Αναστασία. 
700 1 |a Λίτινας, Νικόλαος Αντ.  |e dgs 
700 1 |a Δούνιας, Γεώργιος Δ.  |e dgs 
710 2 |a Πανεπιστήμιο Αιγαίου.   |b Σχολή Επιστημών της Διοίκησης.   |b Τμήμα Διοίκησης Επιχειρήσεων. 
852 |a INST  |b CHIOS  |c PERG  |e 20020912  |h 658.4012 ΜΑΙ  |p 005200013920  |q 005200013920  |t PERG  |v τ.1:  |y 23  |z τ.1 
852 |a INST  |b CHIOS  |c PERG  |e 20020912  |h 658.4012 ΜΑΙ  |p 005200013921  |q 005200013921  |t PERG  |v τ.2:  |y 23  |z τ.2 
853 |a INST  |b CHIOS  |c PERG  |h 658.4012 ΜΑΙ 
901 |a BIBL2-2002-3 
909 |a Χ  |b 100093 
909 |a Χ  |b 100094 
924 |a ΜΑΪΣΤΡΕΛΛΗ  |b ΕΛΠΙΔΑ  |y Χίος  |z 2002-09 
924 |a Καλαντζή  |b Παρασκευή  |y Χίος  |z 2002-09 
924 |a Τριάντου  |b Αναστασία  |y Χίος  |z 2002-09 
970 |a ΣΑΛΑΜΟΥΡΑ  |b ΜΑΡΙΑ  |z 2002/09/12